[Event "30/move"]
[Site "?"]
[Date "2006.03.31"]
[Round "19"]
[White "Mephisto Milano Pro"]
[Black "Mephisto Modena"]
[Result "1-0"]
[WhiteElo "2124"]
[BlackElo "1983"]
[PlyCount "99"]
[EventDate "2006.03.31"]
[EventType "tourn (rapid)"]
[EventRounds "20"]
[EventCountry "NED"]
[SourceDate "2006.03.12"]

1. d4 f5 2. Bg5 g6 3. Nc3 Bg7 4. Nf3 Nf6 5. Bxf6 Bxf6 6. e4 d6 {
Modena letzter Buchzug} ({RR} 6... e6 7. Qd2 d5 8. exd5 exd5 9. Bd3 O-O 10. O-O
Nc6 11. Bb5 Na5 12. Rfe1 a6 13. Bf1 Nc4 14. Bxc4 dxc4 15. Qe2 b5 16. a4 Rb8 17.
axb5 axb5 18. h4 Rb6 19. h5 Bb7 20. hxg6 hxg6 21. Rad1 {
Pelikian,J-Matsuura,E/Americana 2000/EXT 2001/1/2-1/2 (46)}) 7. Bd3 {
Milano Pro letzter Buchzug} ({RR} 7. Bc4 e6 8. exf5 gxf5 9. Qd2 d5 10. Bd3 Nc6
11. Bb5 Bd7 12. O-O-O Qe7 13. Rhe1 O-O-O 14. Nxd5 Qg7 15. Nxf6 Qxf6 16. Ne5
Nxe5 17. dxe5 Qg7 18. Bxd7+ Rxd7 19. Qxd7+ Qxd7 20. Rxd7 Kxd7 21. Kd2 Rg8 {
Miliutin,R-Tsirulnik,M/Dniepropetrovsk 2003/EXT 2004/1/2-1/2 (47)}) 7... Nc6
$146 ({RR} 7... fxe4 8. Nxe4 Nc6 ({RR} 8... Bg7 9. h4 Nc6 10. c3 Bg4 11. Neg5
O-O 12. Qb3+ d5 13. Qxb7 Qd6 14. Qb3 e5 15. dxe5 Nxe5 16. O-O-O Rab8 17. Qc2
Bh6 18. Be2 Bxf3 19. Bxf3 Nxf3 20. gxf3 Bxg5+ 21. hxg5 Rxf3 22. Qd2 c6 23. Rh4
{Zebelys,R-Marcinkevicius,J/Radviliskis 1995/EXT 97/0-1 (50)}) 9. c3 e5 10. Bb5
exd4 11. Nxd4 O-O 12. Nxc6 bxc6 13. Qb3+ Kg7 14. Bxc6 Bg4 15. Qc4 Rb8 16. O-O
Rxb2 17. Rab1 Rxb1 18. Rxb1 Bc8 19. Rb8 Qe7 20. Qb4 Ba6 21. Rxf8 Qxf8 22. Qa5 {
Vaganian,R-Borngaesser,R/Teeside 1974/EXT 99/1-0 (31)}) ({RR} 7... c5 8. exf5
cxd4 9. Ne2 Qa5+ 10. Qd2 Qxd2+ 11. Kxd2 Nc6 12. fxg6 hxg6 13. Bxg6+ Kd8 14. Bd3
e5 15. h4 Bg4 16. Ng5 Rxh4 {1/2-1/2 Royo Moya,M-Sanz,A/Zaragoza 1990/EXT 2004})
8. exf5 Bxf5 9. d5 Nb4 10. Bxf5 gxf5 11. a3 Bxc3+ 12. bxc3 Na6 13. Ng5 h5 14.
Ne6 Qc8 15. Qf3 f4 16. O-O-O Nc5 17. Nxc5 dxc5 18. Qxf4 Qd7 19. Qc4 b6 20. Qe4
Qd6 21. Qa4+ Kf7 22. Rd3 Rh6 23. h3 Rg8 24. g3 Rf6 25. Rf1 a5 26. Kb1 Rg5 27.
Qc4 Rg8 28. f4 Rfg6 29. Rff3 Rf6 30. Qe4 Rgg6 31. c4 c6 32. Rfe3 Qc7 33. dxc6
Rxc6 34. Qf5+ Rcf6 35. Qxh5 e6 36. Rd1 Qe7 37. Red3 Rf5 38. Qf3 Kg8 39. Rd7 Qf6
40. Qa8+ Qf8 41. Rd8 Rxg3 42. Qe4 Rf6 {Modena gibt auf} 43. R1d7 Rf7 44. Qxe6
Rg1+ 45. Kb2 {# in 6} Rb1+ 46. Kxb1 Kh7 47. Rxf7+ Qg7 48. Qf5+ Kh6 49. Rd6+ Qf6
50. Rdxf6# {18:02 - ??:??} 1-0

[Event "30/move"]
[Site "?"]
[Date "2006.03.31"]
[Round "20"]
[White "Mephisto Modena"]
[Black "Mephisto Milano Pro"]
[Result "0-1"]
[WhiteElo "1983"]
[BlackElo "2124"]
[PlyCount "78"]
[EventDate "2006.03.31"]
[EventType "tourn (rapid)"]
[EventRounds "20"]
[EventCountry "NED"]
[SourceDate "2006.03.12"]

1. c4 c5 2. Nc3 Nf6 3. Nf3 d5 4. cxd5 Nxd5 5. e3 Nxc3 6. bxc3 g6 7. Qa4+ Nd7 8.
Ba3 {Modena letzter Buchzug} ({RR} 8. Be2 Bg7 9. O-O O-O 10. d4 Qc7 11. Qb3 e6
12. a4 b6 13. a5 Bb7 14. Nd2 Rfc8 15. axb6 axb6 16. Rxa8 Rxa8 17. Bb2 Bd5 18.
c4 {1/2-1/2 Foisor,O-Behrhorst,F/Vins du Medoc 2002/CBM 89 ext}) 8... Qc7 {
Milano pro letzter Buchzug} 9. Bc4 $146 ({RR} 9. Be2 Bg7 10. O-O O-O 11. d4 ({
RR} 11. Rab1 b6 12. Qh4 Bb7 13. c4 Rad8 14. Bb2 Bxf3 15. Bxf3 Bxb2 16. Rxb2 Ne5
17. Be2 Nd3 18. Rb3 Nb4 19. d4 Nxa2 20. e4 Rxd4 21. Rh3 h5 22. Bxh5 Rfd8 23.
Bxg6 {1-0 Uhlmann,W-Garcia Martinez,S/Madrid 1973/MCL}) 11... b6 ({RR} 11... a6
12. c4 e5 13. Rad1 exd4 14. exd4 b6 15. d5 Bb7 16. Qb3 Rab8 17. Bc1 b5 18. cxb5
axb5 19. Bxb5 Ba6 20. a4 Bxb5 21. axb5 Qb7 22. Ng5 Qxb5 23. Qh3 Nf6 24. Bf4
Rbc8 25. Nxf7 Qd7 26. Qxd7 {Keres,P-Fine,R/Moscow 1946/MCL/1-0 (32)}) 12. Rad1
({RR} 12. Rac1 Bb7 13. Rfd1 e6 14. c4 Rfd8 15. Qb3 Rac8 16. Bb2 Nb8 17. Ba1
cxd4 18. exd4 Nc6 19. Qe3 Ne7 20. Bd3 Bxf3 21. Qxf3 Nc6 22. d5 Bxa1 23. Rxa1
Ne5 24. Qe2 exd5 25. cxd5 Rxd5 26. Ba6 Rcd8 {
Langeweg,K-Polugaevsky,L/Skopje 1971/EXT 2001/0-1 (37)}) 12... Bb7 13. c4 cxd4
14. exd4 Nf6 15. Ne5 {1/2-1/2 Saidy,A-Lengyel,L/Los Angeles 1974/EXT 98}) 9...
Bg7 10. O-O O-O 11. Rfd1 a6 12. Bb3 b5 13. Qh4 b4 14. Ng5 h6 15. Nxf7 Rxf7 16.
Bxf7+ Kxf7 17. Qc4+ Kf8 18. Bxb4 Be5 19. Ba3 Bxh2+ 20. Kh1 Be5 21. Qe4 Rb8 22.
Qxg6 Rb6 23. Qh5 Bg7 24. d4 cxd4 25. cxd4 Nf6 26. Qh4 Bb7 27. Rac1 Qd7 28. Bc5
Rb2 29. d5 Kg8 30. d6 e5 31. Qc4+ Kh7 32. Kg1 Qf5 33. Rf1 Qg6 34. g3 Qf5 35.
Rcd1 Qh3 36. Qd3+ Kh8 {# in 4} 37. Qd5 Ng4 38. Qg8+ Kxg8 39. d7 Qg2# {
??:?? - 15:17} 0-1